00684nam a2200169 a 4500008004100000050001700041100002100058245007200079260005800151300001200209350000900221650002800230650001300258995009900271999001700370952012700387101101s1998 ||||||||||||||||| || | aCBU-SB(05)JB aMpuku, Herrick C10aTaxation and its implications for the work-force in the 1998 budget aKitwebCopperbelt University School of Businessc1998 a6-15pp. a0.00 aBUDGET PLANNING--ZAMBIA 0aBUSINESS D0.00FCBU-MAIN LIBRARY (Kitwe)H1I0.00M1UAVAILABLEWNov 1, 2010ZInternational Publications c59408d59408 00102lcc4070a001b001cInternational Publicationsd2022-11-30l0oCBU-SB(05)JBpZ03007313r2022-11-30w2022-11-30y002